| 000 | 00849cam a2200277 a 4500 | ||
|---|---|---|---|
| 001 | 1671170 | ||
| 005 | 20180130071220.0 | ||
| 008 | 980617s1999 nyua b 001 0 eng c | ||
| 010 | _a 98029864 | ||
| 020 | _a0070696098 | ||
| 040 |
_aDNLM/DLC _cDLC _dDLC |
||
| 041 | _aeng | ||
| 060 | 0 | _aWB110 Z2 1999 | |
| 080 | _a616 WEI | ||
| 082 | 0 | 0 |
_a616 WEI _221 |
| 100 | _a8 | ||
| 101 | _aOFT | ||
| 245 | 0 | 0 |
_a20 common problems in primary care / _ceditor, Barry D. Weiss. |
| 246 | 3 | _aTwenty common problems in primary care | |
| 246 | 3 | _aPrimary care | |
| 504 | _aIncludes bibliographical references and index. | ||
| 906 |
_a7 _bcbc _corignew _d1 _eocip _f19 _gy-gencatlg |
||
| 942 |
_2ddc _cBK |
||
| 999 |
_c41286 _d41286 |
||